000 01763 a2200301 4500
003 OSt
005 20180116192339.0
008 120524t xxu||||| |||| 00| 0 eng d
020 _a142298138X
024 1 _a767685218495
028 4 2 _a767685218495
_bNEW VIDEO GROUP
040 _c0
082 _a778.94092
245 1 0 _aVisual acoustics
_h[videorecording] :
_bthe modernism of julius shulman /
_cDustin Hoffman.
260 _a :
_bNEW VIDEO GROUP,
_c2010.
300 _a1 videodisc (83 min.) :
_bsd., col ;
_c4 3/4 in.
511 1 _aStarring Dustin Hoffman.
520 _aNarrated by Dustin Hoffman, VISUAL ACOUSTICS celebrates the life and career of Julius Shulman, the world s greatest architectural photographer, whose images brought modern architecture to the American mainstream. Shulman captured the work of nearly every major modern and progressive architect since the 1930s including Frank Lloyd Wright, Richard Neutra, John Lautner and Frank Gehry. His images epitomized the singular beauty of Southern California s modernist movement and brought its iconic structures to the attention of the general public. This unique film is both a testament to the evolution of modern architecture and a joyful portrait of the magnetic, whip-smart gentleman who chronicled it with his unforgettable images.
538 _aColor, DVD, NTSC.
600 _aShulman, Julius
_91911
650 _aPhotography of interiors
_91912
650 _aArchitectural photography
_91913
650 _aArchitecture, Modern
_91914
700 1 _aHoffman, Dustin.
_91915
856 4 0 _3Amazon.com
_uhttp://www.amazon.com/exec/obidos/ASIN/B00366BBU8/chopaconline-20
942 _aSADA
_cCDS
_kCD 778.94092 BRA 2010
_2ddc
999 _c352602
_d352602